000
00291nam a22001337a 4500
008
170714b xxu||||| |||| 00| 0 eng d
020
_a
9780130485618
041
_a
eng
080
_a
101
100
_a
26
101
_a
FIL
245
_a
FROM PLATO TO DERRIDA
_c
BAIRD, F.B
942
_2
udc
_c
BK
999
_c
20919
_d
20919